Промышленная трубопроводная арматура: Регулирующая, фазоразделительная и распределительно-смесительная арматура (краны и вентили регулирующие; клапаны регулирующие и пневматические исполнительные устройства; клапан редукционный и регуляторы давления; конденсатоотводчики; клапаны, краны и вентиль распределительные и смесительные (многоходовые); распределители); каталог; Часть 4

Podrobná bibliografie
Korporativní autor: Центральный институт научно-технической информации и технико-экономических исследований по химическому и нефтяному машиностроению (ЦИНТИХИМНЕФТЕМАШ)
Další autoři: Устинова Е. И. (составитель), Хасина Г. И., Шалин Н. И.
Shrnutí:Исключено из фонда НТБ ТПУ
Jazyk:ruština
Vydáno: Москва, ЦИНТИХИМНЕФТЕМАШ, 1984
Médium: MixedMaterials Kniha
KOHA link:https://koha.lib.tpu.ru/cgi-bin/koha/opac-detail.pl?biblionumber=116493

MARC

LEADER 00000nam0a2200000 4500
001 116493
005 20231031123233.0
035 |a (RuTPU)RU\TPU\book\126071 
035 |a RU\TPU\book\126067 
090 |a 116493 
100 |a 20070522d1984 k y0rusy50 ca 
101 0 |a rus 
102 |a RU 
105 |a a b 000zy 
200 1 |a Промышленная трубопроводная арматура  |e Регулирующая, фазоразделительная и распределительно-смесительная арматура (краны и вентили регулирующие; клапаны регулирующие и пневматические исполнительные устройства; клапан редукционный и регуляторы давления; конденсатоотводчики; клапаны, краны и вентиль распределительные и смесительные (многоходовые); распределители)  |e каталог  |f Центральный институт научно-технической информации и технико-экономических исследований по химическому и нефтяному машиностроению (ЦИНТИХИМНЕФТЕМАШ); сост. Е. И. Устинова, Г. И. Хасина, Н. И. Шалин  |h Часть 4 
210 |a Москва  |c ЦИНТИХИМНЕФТЕМАШ  |d 1984 
215 |a 132 с.  |c ил. 
333 |a Исключено из фонда НТБ ТПУ 
702 1 |a Устинова  |b Е. И.  |4 220 
702 1 |a Хасина  |b Г. И.  |4 220 
702 1 |a Шалин  |b Н. И.  |4 220 
712 0 2 |a Центральный институт научно-технической информации и технико-экономических исследований по химическому и нефтяному машиностроению (ЦИНТИХИМНЕФТЕМАШ) 
801 1 |a RU  |b 63413507  |c 20070518  |g PSBO 
801 2 |a RU  |b 63413507  |c 20220617  |g PSBO 
942 |c BK